| 000 | 00000cas 2200000za 4500 |
| 001 | 9.507402 |
| 003 | CaOODSP |
| 005 | 20260417132803 |
| 007 | cr ||||||||||| |
| 008 | 150406c2003||||xxc|| p o||||f| |0eng|d |
| 022 | |a1717-8150 |
| 040 | |aCaOODSP|beng |
| 043 | |an-cn--- |
| 086 | 1 |aIu106-1E-PDF |
| 245 | 00|aRural and Remote Broadband Access Program - report |h[electronic resource]. |
| 260 | |aOttawa : |bIndustry Canada. |
| 310 | |aAnnual |
| 362 | 1 |a2002/2003-2004/2005 |
| 690 | 07|aRural environment|2gcpds |
| 690 | 07|aTelecommunications|2gcpds |
| 710 | 1 |aCanada. |bIndustry Canada. |
| 775 | 08|tProgramme d'accès à large bande en régions rurales et éloignées - rapport |w(CaOODSP)9.503794 |